|
|
|
|
| LEADER |
01004cam a2200301 7i4500 |
| 001 |
0000036349 |
| 005 |
20200522090000.0 |
| 007 |
##ta |
| 008 |
200522s2020 sz o eng |
| 020 |
# |
# |
|a 9783030224851
|
| 040 |
# |
# |
|a MATR
|
| 090 |
0 |
0 |
|a EURO 343.07
|b EUR
|
| 245 |
0 |
0 |
|a European Yearbook of International Economic Law 2019
|c Marc Bungenberg, Markus Krajewski, Christian J. Tams, Jorg Philipp Terhechte, Andreas R. Ziegler..
|
| 264 |
# |
1 |
|a Cham:
|b Springer,
|c 2020.
|
| 300 |
# |
# |
|a xiv, 475 pages;
|c 28 cm.
|
| 336 |
# |
# |
|a text
|2 rdacontent
|
| 337 |
# |
# |
|a unmediated
|2 rdamedia
|
| 338 |
# |
# |
|a volume
|2 rdacarrier
|
| 650 |
# |
0 |
|a Trade regulation
|
| 650 |
# |
0 |
|a Commercial law --
|z Europe
|
| 650 |
# |
0 |
|a Commercial law
|
| 650 |
# |
0 |
|a Trade regulation --
|z Europe
|
| 700 |
1 |
# |
|a Bungenberg, Marc
|
| 700 |
1 |
# |
|a Krajewski, Markus
|
| 700 |
1 |
# |
|a Tams, Christian J.
|
| 700 |
1 |
# |
|a Terhechte, Joorg Philipp
|
| 700 |
1 |
# |
|a Ziegler, Andreas R.
|
| 999 |
|
|
|a 0000041025
|b Book
|c Regions
|e Business Information Centre
|